export_success — 

The end of energy the unmaking of America's environment, security, and independence /

Bibliographic Details
Main Author: Graetz, Michael J.
Corporate Author: ProQuest (Firm)
Format: Electronic eBook
Language:English
Published: Cambridge, Mass. : MIT Press, c2011.
Subjects:
Online Access:Click to View
LEADER 01999nam a2200409 a 4500
001 EBC3339198
003 MiAaPQ
005 20200520144314.0
006 m o d |
007 cr cn|||||||||
008 100924s2011 mau sb 001 0 eng d
010 |z  2010040933 
020 |z 9780262015677 (hbk. : alk. paper) 
020 |a 9780262295611 (electronic bk.) 
035 |a (MiAaPQ)EBC3339198 
035 |a (Au-PeEL)EBL3339198 
035 |a (CaPaEBR)ebr10453044 
035 |a (CaONFJC)MIL302016 
035 |a (OCoLC)712026941 
040 |a MiAaPQ  |c MiAaPQ  |d MiAaPQ 
043 |a n-us--- 
050 4 |a HD9502.U52  |b G685 2011 
082 0 4 |a 333.7900973  |2 22 
100 1 |a Graetz, Michael J. 
245 1 4 |a The end of energy  |h [electronic resource] :  |b the unmaking of America's environment, security, and independence /  |c Michael J. Graetz. 
260 |a Cambridge, Mass. :  |b MIT Press,  |c c2011. 
300 |a x, 369 p. 
504 |a Includes bibliographical references and index. 
505 0 |a A "new economic policy" -- Losing control over oil -- The environment moves front and center -- No more nuclear -- The changing face of coal -- Natural gas and the ability to price -- The quest for alternatives -- A crisis of confidence -- The end of an era -- Climate change : a game changer -- Shock to trance : the power of price -- The invisible hand : regulation and the rise of cap and trade -- Government for the people : Congress and the road to reform -- Disaster in the Gulf. 
533 |a Electronic reproduction. Ann Arbor, MI : ProQuest, 2015. Available via World Wide Web. Access may be limited to ProQuest affiliated libraries. 
650 0 |a Energy policy  |z United States. 
650 0 |a Energy development  |z United States. 
650 0 |a Energy industries  |z United States. 
651 0 |a United States  |x Economic policy. 
655 4 |a Electronic books. 
710 2 |a ProQuest (Firm) 
856 4 0 |u https://ebookcentral.proquest.com/lib/matrademy/detail.action?docID=3339198  |z Click to View